Tudorovci. [I], Král, královna a milenka /

Hlavní autor: Gracie, Anne
Další autoři: Hirst, Michael, 1952-
Jazyk: Čeština
Vydáno: Praha : Brána, 2009
Vydání: 1. vyd.
Témata:
Externí odkaz: Digitalizovaný dokument
Fyzický popis: 251 s. ; 21 cm
Knihy
Uloženo v:
LEADER 01892nam a2200505 a 4500
001 000934059
003 CZ BrMZK
005 20120629211735.0
007 ta
008 090318s2009 xr g 000 fdcze d
015 |a cnb001864035 
020 |a 978-80-7243-389-6  |q (váz.) 
035 |a (OCoLC)320230269 
040 |a BOA001  |b cze 
041 1 |a cze  |h eng 
043 |a e-uk-en 
045 |a s-u- 
072 7 |a 821.111-3  |x Anglická próza, anglicky psaná  |2 Konspekt  |9 25 
080 |a 821.111(94)-31  |2 MRF 
080 |a 929.731  |2 MRF 
080 |a 94(410.1)  |2 MRF 
080 |a (0:82-311.6)  |2 MRF 
100 1 |a Gracie, Anne  |7 jn20020717757  |4 aut 
245 1 0 |a Tudorovci.  |n [I],  |p Král, královna a milenka /  |c podle scénáře Michaela Hirsta napsala Anne Gracie ; [přeložila Hana Vališová] 
246 3 0 |a Král, královna a milenka 
250 |a 1. vyd. 
260 |a Praha :  |b Brána,  |c 2009 
300 |a 251 s. ;  |c 21 cm 
500 |a Přeloženo z angličtiny 
600 0 7 |a Jindřich  |b VIII.,  |c anglický král,  |d 1491-1547  |7 jn20000700820  |2 czenas 
600 3 7 |a Tudorovci (rod)  |7 jx20060403099  |2 czenas 
648 4 |a 15.-17. stol. 
648 7 |a 16. století  |7 ch460554  |2 czenas 
650 0 7 |a panovníci  |7 ph117250  |z Anglie  |y 16. stol.  |2 czenas 
650 0 7 |a panovnické rody  |7 ph123932  |z Anglie  |y 15.-17. stol.  |2 czenas 
655 7 |a australské romány  |7 fd131842  |2 czenas 
655 7 |a historické romány  |7 fd132414  |2 czenas 
651 7 |a Anglie  |7 ge134022  |x dějiny  |y 16. stol.  |2 czenas 
700 1 |a Hirst, Michael,  |d 1952-  |7 pna2008456610  |4 ant 
765 0 |t Tudors  |9 Česky 
856 4 1 |u http://www.digitalniknihovna.cz/mzk/uuid/uuid:389a66f0-c3a5-11e3-b110-005056827e51  |y Digitalizovaný dokument  |x NDK 
910 2 |a BOA001  |b 2-1220.971,1 
990 |a BK 
991 |b 200904 
996 6 |b 2610373220  |c 2-1220.971,1  |l MZK  |r Sklad / do 1 hodiny  |n 6  |p p.v.  |w 000934059  |u 000010  |a 1  |e BOA001  |j MZK50  |s P